Inversión extranjera en Estados Unidos / (Registro nro. 5666)

Detalles MARC
000 -LEADER
fixed length control field 01194nam a2200289Ia 4500
003 - CONTROL NUMBER IDENTIFIER
control field OSt
005 - DATE AND TIME OF LATEST TRANSACTION
control field 20200623130811.0
008 - FIXED-LENGTH DATA ELEMENTS--GENERAL INFORMATION
fixed length control field 191128s2009 ck fr 000 0dspa d
020 ## - INTERNATIONAL STANDARD BOOK NUMBER
International Standard Book Number 9789587380002
040 ## - CATALOGING SOURCE
Original cataloging agency CO-JMCR
Transcribing agency CO-JMCR
041 0# - LANGUAGE CODE
Language code of text/sound track or separate title spa
082 04 - DEWEY DECIMAL CLASSIFICATION NUMBER
Classification number 332.67373 /
Item number A187i
Edition number 23
100 1# - MAIN ENTRY--PERSONAL NAME
Personal name Abusaid, José Alejandro,
Relator term autor
9 (RLIN) 5969
245 10 - TITLE STATEMENT
Title Inversión extranjera en Estados Unidos /
Statement of responsibility, etc. José Alejandro Abusaid, Luis Alfredo Pinilla
250 ## - EDITION STATEMENT
Edition statement Primera edición
260 ## - PUBLICATION, DISTRIBUTION, ETC.
Place of publication, distribution, etc. Bogotá :
Name of publisher, distributor, etc. Universidad del Rosario,
Date of publication, distribution, etc. 2009
300 ## - PHYSICAL DESCRIPTION
Extent 392 páginas ;
Dimensions 24 cm.
490 0# - SERIES STATEMENT
Series statement Textos de jurisprudencia
500 ## - GENERAL NOTE
General note Incluye biografía de los autores en solapa frontal.
505 0# - FORMATTED CONTENTS NOTE
Formatted contents note Las garantías y limitaciones impuestas a la inversión extranjera por vía de ley federal, estatal y de tratados -- Restricciones impuestas por Ley Exon Florido a la inversión extranjera.
651 #4 - SUBJECT ADDED ENTRY--GEOGRAPHIC NAME
Geographic name Estados Unidos
General subdivision política financiera
9 (RLIN) 5970
651 #4 - SUBJECT ADDED ENTRY--GEOGRAPHIC NAME
Geographic name Estados Unidos
General subdivision finanzas
9 (RLIN) 5971
651 #4 - SUBJECT ADDED ENTRY--GEOGRAPHIC NAME
Geographic name Estados Unidos
General subdivision tratados internacionales
9 (RLIN) 5972
651 #4 - SUBJECT ADDED ENTRY--GEOGRAPHIC NAME
Geographic name Estados Unidos
General subdivision tratados comerciales
9 (RLIN) 5973
700 1# - ADDED ENTRY--PERSONAL NAME
Personal name Pinilla, Luis Alfredo,
Relator term autor
9 (RLIN) 5974
942 ## - ADDED ENTRY ELEMENTS (KOHA)
Source of classification or shelving scheme Dewey Decimal Classification
Koha item type Books
Existencias
Withdrawn status Lost status Source of classification or shelving scheme Damaged status Not for loan Collection code Home library Current library Date acquired Source of acquisition Cost, normal purchase price Total Checkouts Full call number Barcode Date last seen Copy number Koha item type
    Dewey Decimal Classification     Non-fiction Biblioteca Pública José María del Castillo y Rada Biblioteca Pública José María del Castillo y Rada 04/15/2018 Donación 0.00   332.67373 / A187i 430003301 05/16/2024 Ej.1 Books